000 00428nam a22001697a 4500
003 MPLRDC
005 20220104125016.0
008 210129b ||||| |||| 00| 0 eng d
082 _a857.9 SMZY-35 v.5
100 _a司马紫烟
245 _a千树梅花一剑寒. 五
_c
260 _a
_b文武出版社
_c
300 _b
490 _a司马紫烟小说专辑
650 _a武侠小说
942 _cBK
_o857.9 SMZY-35 v.5
999 _c23912
_d23902